<?xml version="1.0" encoding="UTF-8"?>
<record
    xmlns:xsi="http://www.w3.org/2001/XMLSchema-instance"
    xsi:schemaLocation="http://www.loc.gov/MARC21/slim http://www.loc.gov/standards/marcxml/schema/MARC21slim.xsd"
    xmlns="http://www.loc.gov/MARC21/slim">

  <leader>01441nam0a2200325   4500</leader>
  <controlfield tag="001">RU\NLR\BIBL_A\022743151</controlfield>
  <controlfield tag="005">20260420063548.0</controlfield>
  <datafield tag="010" ind1=" " ind2=" ">
    <subfield code="a">978-5-298-04889-7</subfield>
    <subfield code="9">1700</subfield>
  </datafield>
  <datafield tag="021" ind1=" " ind2=" ">
    <subfield code="a">RU</subfield>
    <subfield code="b">&#x41A;&#x41D;-&#x41F;-25-078400</subfield>
    <subfield code="9">&#x41A;&#x41D;-&#x41F;-25-7578</subfield>
  </datafield>
  <datafield tag="035" ind1=" " ind2=" ">
    <subfield code="a">(NLR Aleph) 022743151</subfield>
  </datafield>
  <datafield tag="090" ind1=" " ind2=" ">
    <subfield code="a">13688500</subfield>
    <subfield code="c">13688500</subfield>
  </datafield>
  <datafield tag="100" ind1=" " ind2=" ">
    <subfield code="a">20260304d2025    e  y0rusy50      ca</subfield>
  </datafield>
  <datafield tag="101" ind1="0" ind2=" ">
    <subfield code="a">tat</subfield>
  </datafield>
  <datafield tag="102" ind1=" " ind2=" ">
    <subfield code="a">RU</subfield>
  </datafield>
  <datafield tag="105" ind1=" " ind2=" ">
    <subfield code="a">a   z   000 y</subfield>
  </datafield>
  <datafield tag="181" ind1=" " ind2="0">
    <subfield code="a">i </subfield>
    <subfield code="b">axxe  </subfield>
  </datafield>
  <datafield tag="182" ind1=" " ind2="0">
    <subfield code="a">n</subfield>
  </datafield>
  <datafield tag="200" ind1="1" ind2=" ">
    <subfield code="a">&#x411;&#x435;&#x437; &#x430;&#x43D;&#x434;&#x44B;&#x439; &#x43C;&#x430;&#x43B;&#x430;&#x439; &#x442;&#x4AF;&#x433;&#x435;&#x43B;</subfield>
    <subfield code="e">&#x4AF;&#x441;&#x43C;&#x435;&#x440;&#x43B;&#x4D9;&#x440; &#x4E9;&#x447;&#x435;&#x43D; &#x43F;&#x43E;&#x432;&#x435;&#x441;&#x442;&#x44C;</subfield>
    <subfield code="f">&#x410;&#x439;&#x433;&#x4E9;&#x43B; &#x4D8;&#x445;&#x43C;&#x4D9;&#x442;&#x433;&#x430;&#x43B;&#x438;&#x435;&#x432;&#x430;</subfield>
    <subfield code="g">[&#x440;&#x4D9;&#x441;&#x441;&#x430;&#x43C;&#x44B; &#x411;&#x443;&#x43B;&#x430;&#x442; &#x413;&#x44B;&#x439;&#x43B;&#x44C;&#x432;&#x430;&#x43D;&#x43E;&#x432;]</subfield>
  </datafield>
  <datafield tag="203" ind1=" " ind2=" ">
    <subfield code="a">&#x422;&#x435;&#x43A;&#x441;&#x442;</subfield>
    <subfield code="b">&#x432;&#x438;&#x437;&#x443;&#x430;&#x43B;&#x44C;&#x43D;&#x44B;&#x439;</subfield>
    <subfield code="c">&#x43D;&#x435;&#x43F;&#x43E;&#x441;&#x440;&#x435;&#x434;&#x441;&#x442;&#x432;&#x435;&#x43D;&#x43D;&#x44B;&#x439;</subfield>
  </datafield>
  <datafield tag="210" ind1=" " ind2=" ">
    <subfield code="a">&#x41A;&#x430;&#x437;&#x430;&#x43D;</subfield>
    <subfield code="c">&#x422;&#x430;&#x442;&#x430;&#x440;. &#x43A;&#x438;&#x442;. &#x43D;&#x4D9;&#x448;&#x440;.</subfield>
    <subfield code="d">2025</subfield>
  </datafield>
  <datafield tag="215" ind1=" " ind2=" ">
    <subfield code="a">92,[1] &#x431;.</subfield>
    <subfield code="c">&#x446;&#x432;. &#x438;&#x43B;.</subfield>
    <subfield code="d">22</subfield>
  </datafield>
  <datafield tag="300" ind1=" " ind2=" ">
    <subfield code="a">&#x412; &#x432;&#x44B;&#x43F;. &#x434;&#x430;&#x43D;. &#x430;&#x432;&#x442;.: &#x410;&#x445;&#x43C;&#x435;&#x442;&#x433;&#x430;&#x43B;&#x438;&#x435;&#x432;&#x430; (&#x41C;&#x443;&#x43B;&#x43B;&#x430;&#x433;&#x430;&#x43B;&#x438;&#x435;&#x432;&#x430;) &#x410;&#x439;&#x433;&#x443;&#x43B;&#x44C; &#x413;&#x430;&#x431;&#x434;&#x443;&#x43B;&#x43B;&#x43E;&#x432;&#x43D;&#x430;.</subfield>
  </datafield>
  <datafield tag="541" ind1="1" ind2=" ">
    <subfield code="6">z01790</subfield>
    <subfield code="a">&#x41C;&#x44B; &#x43D;&#x435; &#x442;&#x430;&#x43A;&#x438;&#x435;</subfield>
    <subfield code="e">[&#x43F;&#x43E;&#x432;&#x435;&#x441;&#x442;&#x44C; &#x434;&#x43B;&#x44F; &#x43F;&#x43E;&#x434;&#x440;&#x43E;&#x441;&#x442;&#x43A;&#x43E;&#x432;].</subfield>
    <subfield code="z">rus</subfield>
  </datafield>
  <datafield tag="686" ind1="1" ind2=" ">
    <subfield code="a">&#x428;9(2)6=&#x422;&#x430;&#x442;&#x430;&#x440;-4</subfield>
  </datafield>
  <datafield tag="700" ind1=" " ind2="1">
    <subfield code="4">070</subfield>
    <subfield code="7">ca</subfield>
    <subfield code="8">tat</subfield>
    <subfield code="a">&#x4D8;&#x445;&#x43C;&#x4D9;&#x442;&#x433;&#x430;&#x43B;&#x438;&#x435;&#x432;&#x430;</subfield>
    <subfield code="b">&#x410;. &#x413;. &#x43A;&#x44B;&#x437;&#x44B;</subfield>
    <subfield code="f">1973-</subfield>
    <subfield code="g">&#x410;&#x439;&#x433;&#x4E9;&#x43B; &#x413;&#x430;&#x431;&#x434;&#x443;&#x43B;&#x43B;&#x430; &#x43A;&#x44B;&#x437;&#x44B;</subfield>
    <subfield code="9">131297</subfield>
    <subfield code="3">RU\NLR\auth-onl\771242</subfield>
  </datafield>
  <datafield tag="702" ind1=" " ind2="1">
    <subfield code="a">&#x413;&#x44B;&#x439;&#x43B;&#x44C;&#x432;&#x430;&#x43D;&#x43E;&#x432;</subfield>
    <subfield code="b">&#x411;.</subfield>
    <subfield code="g">&#x411;&#x443;&#x43B;&#x430;&#x442;</subfield>
    <subfield code="4">440</subfield>
  </datafield>
  <datafield tag="790" ind1=" " ind2="1">
    <subfield code="6">z01541</subfield>
    <subfield code="a">&#x410;&#x445;&#x43C;&#x435;&#x442;&#x433;&#x430;&#x43B;&#x438;&#x435;&#x432;&#x430;</subfield>
    <subfield code="b">&#x410;. &#x413;.</subfield>
    <subfield code="g">&#x410;&#x439;&#x433;&#x443;&#x43B;&#x44C; &#x413;&#x430;&#x431;&#x434;&#x443;&#x43B;&#x43B;&#x43E;&#x432;&#x43D;&#x430;</subfield>
    <subfield code="4">070</subfield>
  </datafield>
  <datafield tag="942" ind1=" " ind2=" ">
    <subfield code="c">BOOK</subfield>
  </datafield>
  <datafield tag="980" ind1=" " ind2=" ">
    <subfield code="a">NB</subfield>
  </datafield>
</record>
